000 00287nam a22001337a 4500
008 181005b xxu||||| |||| 00| 0 eng d
020 _a9780071779760
041 _aeng
080 _a510
100 _a36
101 _aMAT
245 _aCollege Mathematics
_cAyres, F
942 _2udc
_cBK
999 _c48915
_d48915